Statistics for Former Capitals Quiz

Click here to take the quiz!

General Stats

  • This quiz has been taken 28,763 times
    (20,369 since last reset)
  • The average score is 13 of 24

Answer Stats

Years Country Capital % Correct
1822-1960BrazilRio de Janeiro
86%
1712-1918RussiaSt. Petersburg
84%
1453-1923Ottoman EmpireConstantinople
82%
1300's-1918BavariaMunich
78%
1785-1790United StatesNew York City
75%
1949-1990West GermanyBonn
71%
794-1868JapanKyoto
69%
1914-1976NigeriaLagos
68%
1954-1975South VietnamSaigon
65%
1790-1800United StatesPhiladelphia
65%
1815-1982Sri LankaColombo
62%
1569-1860Duchy of TuscanyFlorence
59%
1296-1596PolandKraków
57%
1940-1944FranceVichy
56%
1948-2005Burma (Myanmar)Yangon
53%
1861-1865Confederate States
of America
Richmond
52%
1993-1998KazakhstanAlmaty
39%
1305-1378Catholic ChurchAvignon
33%
1928-1937ChinaNanjing
32%
2950-2180 (BC)EgyptMemphis
31%
1200's-1533Incan EmpireCuzco
29%
802-1431Khmer EmpireAngkor
28%
515-331 (BC)Persian EmpirePersepolis
21%
1504-1653Mughal EmpireAgra
18%

Score Distribution

Percentile by Number Answered

Percent of People with Each Score

Your Score History

You have not taken this quiz since the last reset